00768nam a2200229 i 4500001000700000003000900007005001700016007000300033008004100036080001000077245006900087260003900156300002200195490002500217500004300242650002000285700002600305830003300331852003300364999001900397952012200416105027ES-MaACL20230906183746.0t|060606s1959 xxk ||||1| eng d a294.300aBuddhist scriptures / cselected and translated by Edward Conze. aLondon : bPenguin Books, c[1959] a250 p. ; c18 cm.1 aThe Penguin classics aBiblioteca Jacinto Martínez Lacalle. aBudismo.9106301 aConze, Edward.9403430 aThe Penguin classics9232680 aES-MaACLjE-11273 bR.139235 c105027d105027 00104070aATENEOMbATENEOMcDEPO2d2008-01-17eSCl0oE-11273p1109650r2023-02-23 00:00:00w2023-02-23yMONOGRAFIA